01588naa a2200169 a 450000100080000000500110000800800410001910000180006024500400007826000090011852011600012765300130128765300090130065300140130970000160132377300790133910553582013-04-12 2002 bl uuuu u00u1 u #d1 aCAMILO, A. P. aO carbaryl e o russeting da ma????. c2002 aO 'russeting' ?? um dist??rbio fisiol??gico muito frequente nos pomares de macieira do Sul do Brasil, sendo caracterizado por uma camada de corti??a formada por c??lulas da epiderme, conferindo aspecto ??spero aos frutos, depreciando sua apar??ncia. Por outro lado, o releio de frutos ?? uma pr??tica recomendada para se obter bom calibre de frutos e evitar a altern??ncia de produ????o ao longo do tempo. Pode ser feita manualmente ou com uso de agentes qu??micos. Dentre estes agentes qu??micos, os mais utilizados em n??vel mundial s??o o ??cido naftaleno ac??tico (ANA) e o Carbaryl, tamb??m utilizado como inseticida na macieira. Com o objetivo de redimir d??vidas sobre as diferentes formula????es do Carbaryl no indu????o de 'russeting' em ma????s, foram testadas as formula????es p?? molh??vel com 85% de i.a. e outra de suspens??o concentrada a 48% de i.a. e em duas concentra????es: 500 ppm e 1.500 ppm. Os resultados indicaram que o 'russeting' foi mais intenso em Fraiburgo do que em Ca??ador. A solu????o concentrada induziu mais 'russeting' da cv. Golden Delicious' em Ca??ador do que em Fraiburgo e mais do que a formula????o p?? molh??vel. aControle aMaca aRusseting1 aDENARDI, F. tAgropecuaria Catarinense, Florianopolisgv. 15, n. 2, p. 24-27, jul. 2002.